Schnelle Mathematik - Potenzrechnen Level 11 - Statistiken

Allgemein
  • Dieses Quiz wurde 80 mal gespielt
  • Das Durchschnittsergebnis liegt bei 26 aus 60
Antwortstatistiken
Zahl Ergebnis % Korrekt
3
63%
36
63%
10² 100
56%
125
56%
2
56%
1
50%
1⁴ 1
50%
1⁶ 1
50%
4⁰ 1
50%
5⁰ 1
50%
9⁰ 1
50%
10⁰ 1
50%
10³ 1000
50%
25
50%
27
50%
8
50%
81
50%
0
44%
0
44%
1⁰ 1
44%
1
44%
1⁷ 1
44%
1⁸ 1
44%
2⁰ 1
44%
3⁰ 1
44%
6⁰ 1
44%
10¹ 10
44%
2⁷ 128
44%
216
44%
2⁸ 256
44%
4⁴ 256
44%
4
44%
4
44%
2⁹ 512
44%
64
44%
7
44%
9
44%
0
38%
1
38%
1⁵ 1
38%
7⁰ 1
38%
2⁵ 32
38%
49
38%
5
38%
512
38%
6
38%
5⁴ 625
38%
2⁶ 64
38%
64
38%
3⁶ 729
38%
729
38%
3⁴ 81
38%
1⁹ 1
31%
8⁰ 1
31%
16
31%
8
31%
9
31%
2⁴ 16
25%
3⁵ 243
25%
343
25%
Keine übereinstimmenden Quizze gefunden
Verteilung der Resultate
Anzahl Personen mit jedem Resultat
Perzentil nach korrekt beantworteten Fragen
Ihre Resultats-Entwicklung
Sie haben dieses Quiz noch nicht gespielt